000 01005cam a22003017a 4500
003 CHAP
005 20220329134015.0
008 971013s1965 mx r 00010 spa d
010 _a13988
011 _a14960
035 _a19034
040 _cCHAP
090 _aFolleto 892
100 0 0 _aBeltrán, Enrique.
_911476
245 1 3 _aLa biología del siglo XX ; conferencia sustentada en la Universidad Michoacana de San Nicolás de Hidalgo ...
260 _aMorelia, Mich. :
_bUniversidad Michoacana de San Nicolás de Hidalgo,
_c1965
300 _a27 p.
590 _aBATCH-UPD
_b10
_c20130110
_lUCH01
_h0139
590 _aBATCH-UPD
_b10
_c20130110
_lUCH01
_h1805
590 _aBATCH-UPD
_b10
_c20130409
_lUCH01
_h2136
590 _aBATCH-UPD
_b10
_c20130410
_lUCH01
_h1140
590 _aBATCH-UPD
_b10
_c20130914
_lUCH01
_h0558
590 _aCONVERSION
_b10
_c20130109
_lUCH01
_h1309
650 1 4 _aBiología.
_912773
901 _aBK
942 _cFOLL
949 _aFolleto 892
_bBC
_cFOLL
_d-44214
_eTS1
_i19034
_si
999 _c13988
_d13988